| 000 | 00000nam 2200000zi 4500 |
| 001 | 9.955214 |
| 003 | CaOODSP |
| 005 | 20250912103059 |
| 006 | m o d f |
| 007 | cr mn||||||||| |
| 008 | 250912s1934 onc ob f000 0 eng d |
| 040 | |aCaOODSP|beng|erda|cCaOODSP |
| 086 | 1 |aFs52-3/242E-PDF |
| 100 | 1 |aFriedman, M. H., |eauthor. |
| 245 | 14|aThe function of the claspers and clasper-glands in the skate / |cauthor M.H. Friedman. |
| 264 | 1|a[Ottawa] : |bBiological Board of Canada, |c1934. |
| 300 | |a1 online resource (12 pages). |
| 336 | |atext|btxt|2rdacontent |
| 337 | |acomputer|bc|2rdamedia |
| 338 | |aonline resource|bcr|2rdacarrier |
| 490 | 1 |aManuscript reports of the biological stations ; |vno. 242 |
| 500 | |aDigitized edition from print [produced by Department of Fisheries and Oceans]. |
| 504 | |aIncludes bibliographical references (page 12). |
| 650 | 0|aSkates (Fishes) |xAnatomy. |
| 650 | 0|aSkates (Fishes) |xPhysiology. |
| 650 | 6|aRajidés|xAnatomie. |
| 650 | 6|aRajidés|xPhysiologie. |
| 710 | 2 |aFisheries Research Board of Canada, |eissuing body. |
| 830 | #0|aManuscript reports of the biological stations ;|vno. 242.|w(CaOODSP)9.899091 |
| 856 | 40|qPDF|s5.60 MB|uhttps://publications.gc.ca/collections/collection_2025/mpo-dfo/fs52-3/Fs52-3-242-eng.pdf |